| Tag |
First Indicator |
Second Indicator |
Subfields |
| LEADER |
00000cam a2200000 a 4500 |
| 001 |
in00000018277 |
| 005 |
20151007053210.0 |
| 008 |
860815s1988 nyua b 00100 eng |
| 010 |
|
|
|a 86021958
|
| 020 |
|
|
|a 0312341342 :
|c $25.00 (est.)
|
| 035 |
|
|
|a (OCoLC)14166833
|
| 035 |
|
|
|9 AAB0764AM
|
| 040 |
|
|
|a DLC
|c DLC
|d TXA
|d UtOrBLW
|
| 049 |
|
|
|a TXAM
|c [A11083084]
|
| 050 |
0 |
0 |
|a HC79.T4
|b G67 1988
|
| 082 |
0 |
|
|a 338.4/5/0973
|2 19
|
| 245 |
0 |
0 |
|a Government innovation policy :
|b design, implementation, evaluation /
|c edited by J. David Roessner.
|
| 264 |
|
1 |
|a New York :
|b St. Martin's Press in association with the Policy Studies Organization,
|c 1988.
|
| 300 |
|
|
|a xi, 208 pages :
|b illustrations ;
|c 22 cm.
|
| 336 |
|
|
|a text
|b txt
|2 rdacontent
|
| 337 |
|
|
|a unmediated
|b n
|2 rdamedia
|
| 338 |
|
|
|a volume
|b nc
|2 rdacarrier
|
| 490 |
1 |
|
|a Policy Studies Organization series
|
| 504 |
|
|
|a Includes bibliographies and index.
|
| 650 |
|
0 |
|a Technological innovations
|x Government policy.
|
| 700 |
1 |
|
|a Roessner, J. David.
|
| 830 |
|
0 |
|a Policy Studies Organization series (Unnumbered)
|
| 999 |
|
|
|a MARS
|
| 999 |
f |
f |
|s a564e7a7-1be8-3d99-9d7f-67875935b54d
|i 28a80b4f-39da-33f6-b9b1-e2bffb7ea334
|t 0
|
| 952 |
f |
f |
|p ric
|a Texas A&M University
|b Rellis Campus
|c Joint Library Facility
|d Remote Storage
|t 0
|e HC79.T4 G67 1988
|h Library of Congress classification
|i unmediated -- volume
|m A14811083084
|
| 998 |
f |
f |
|a HC79.T4 G67 1988
|t 0
|l Remote Storage
|